Europe in 12 Lessons (Запис номер 108423)
[ съкратено ]
| 000 -Лидер | |
|---|---|
| Контролно поле с фиксирана дължина | 01584nam a2200421 c 4500 |
| 003 - Код на организацията, давaща контролен номер | |
| Контролно поле | BLK |
| 005 - Дата и час на последна редакция | |
| Контролно поле | 20180420230542.0 |
| 008 - Елементи от данни с фиксирана дължина | |
| fixed length control field | 180409b bul|||||r ||||||| ||bul|| |
| 010 ## - Наследен системен номер | |
| LC control number | KNG00113727000 |
| 020 ## - Международен стандартен номер на книга ISBN | |
| Международен стандартен номер на книга ISBN | 978-92-79-17486-5 |
| -- | издат.: Publ. Office of the Europ. Union |
| 040 ## - Източник на каталожния запис | |
| Идентификатор на билиотеката - собственик на записа | BLK |
| 041 ## - Код за език | |
| Код за езика на текст/звукозапис или на отделно заглавие | Английски |
| Код за езика КДБФ | Английски |
| 072 #7 - Код за тематичната категория | |
| Код организация | bullib |
| Код за тематична категория | Н32 |
| Текст | Политика Н |
| 080 ## - УДК | |
| Текстов определител УДК | Европейски съюз - политически аспекти |
| УДК код - определител по УДК | 327.7:061.1ЕС |
| УДК определител | (035) |
| УДК - код + определител | 327.7:061.1ЕС(035) |
| 080 ## - УДК | |
| Текстов определител УДК | Европейски съюз (икон. аспекти) |
| УДК код - определител по УДК | 339.923:061.1ЕС |
| УДК определител | (035) |
| УДК - код + определител | 339.923:061.1ЕС(035) |
| 100 1# - Редна дума - Автор | |
| Автор | Fontaine, Pascal |
| Авторска отговорност | първи автор |
| R(LIN) | 311244 |
| 139 ## - Редно поле | |
| Редна дума | Fontaine, Pascal |
| Авторски знак | Fon - F 73 |
| 245 10 - Сведения за заглавието | |
| Заглавие | Europe in 12 Lessons |
| Редно поле (дума) | Pascal Fontaine. |
| 257 ## - Страна на издаване | |
| Страна на създаване/издаване | Европейски съюз |
| 260 ## - Област на издателските данни | |
| -- | Luxembourg |
| Име на издателя, разпространителя и проч. | Publ. Office of the Europ. Union |
| Година на издаване | 2010 |
| Печатница | Print. in Germany |
| 300 ## - Физическа характеристика | |
| Страници | 80 p. |
| Размери/Мащаб | 23 cm |
| 380 ## - Жанр | |
| Жанр | Обществени науки |
| 500 ## - Общи забележки | |
| Забележка | Ed. by Europ. Commiss. Dir.-Gen. for Communication - Brussels. |
| 650 #4 - Допълнително описание по предмет – тема | |
| Основно описание – тема или топоним | Европейски съюз - наръчници и ръководства |
| 9 (RLIN) | 277912 |
| 651 #4 - Допълнително описание по предмет - топоним | |
| Географско понятие | Европейски съюз |
| 9 (RLIN) | 258188 |
| 653 ## - Ключова дума – ненормативна | |
| Ключова дума | Европейски съюз |
| 653 ## - Ключова дума – ненормативна | |
| Ключова дума | история |
| 653 ## - Ключова дума – ненормативна | |
| Ключова дума | икономика |
| 653 ## - Ключова дума – ненормативна | |
| Ключова дума | международни отношения |
| 653 ## - Ключова дума – ненормативна | |
| Ключова дума | интеграция |
| 653 ## - Ключова дума – ненормативна | |
| Ключова дума | наръчници |
| 659 ## - Тематичен бюлетин | |
| Тематичен бюлетин | Н |
| 852 ## - Местоположение | |
| Форматна сигнатура | Цб 255227 |
| 856 4# - Електронен адрес и достъп | |
| Електронен формат | pdf - файл |
| Път до файла /url/ | |
| 856 4# - Електронен адрес и достъп | |
| Електронен формат | pdf - файл |
| Път до файла /url/ | |
| 942 ## - АРТИКУЛИ | |
| Вид на библиотечния материал | Книги |
| Скрит в OPAC | Не |
| 944 ## - СЪЗДАВАНЕ И РЕДАКЦИЯ на ЗАПИСА | |
| Създаване/Редакция | Създаване |
| Дата на регистрацията/редакция | 04.06.2012 |
| Статус, дата на статуса | ф / |
| Служител, извършил регистрацията/редакцията | Людмила_Стоянова |
| 944 ## - СЪЗДАВАНЕ И РЕДАКЦИЯ на ЗАПИСА | |
| Създаване/Редакция | Редакция |
| Дата на регистрацията/редакция | 26.02.2013 |
| Статус, дата на статуса | ф / |
| Служител, извършил регистрацията/редакцията | |
| 999 ## - СИСТЕМНИ КОНТРОЛНИ НОМЕРА | |
| Koha biblionumber | 108423 |
| Koha biblioitemnumber | 108423 |
| Код за отписване | Код за изгубен артикул | Код за повреда | Коз за рестрикции | Код за отдаване | Артикулен № | Име на библиотеката - собственик | Име на библиотеката, в която се намира в момента | Статус (Текущо местоположение) | Дата на вписване в системата | Местоположение - отдел | Цена в лева | Инвентарен номер | Систематично азбучна сигнатура | Баркод | Номер на екземпляра | Цена в евро | Служебна бележка | Служебен тип на артикула |
|---|---|---|---|---|---|---|---|---|---|---|---|---|---|---|---|---|---|---|
| Не е изгубен | Не е повреден | без рестрикции | заемане за дома | 174868 | Регионална библиотека "Любен Каравелов" Русе | Регионална библиотека "Любен Каравелов" Русе | Заемна - подръчен фонд | 2012-05-30 | Заемна - подръчен фонд | 8.00 | 120000757976 | П 327.7:061.1ЕС/ | 120000757976 | 1 | 4.09 | Дост: DA Вид: А N: 8 Дата: 28.05.2012 Дата инв: 06.02.2018 Бележки инв: П2018 | Книги |